[Event "EU-chT Seniors 15th"]
[Site "Dresden"]
[Date "2013.07.26"]
[Round "7"]
[White "Kwatschewsky, Leo"]
[Black "Beltz, Robert"]
[Result "0-1"]
[WhiteElo "2205"]
[BlackElo "2152"]
[PlyCount "58"]
[EventDate "2013.07.20"]
[EventType "team-swiss"]
[EventRounds "9"]
[EventCountry "GER"]
[SourceTitle "CBM 155 Extra"]
[Source "ChessBase"]
[SourceDate "2013.08.26"]
[SourceVersion "1"]
[SourceVersionDate "2013.08.26"]
[SourceQuality "1"]
[WhiteTeam "Austria"]
[BlackTeam "Leipzig"]
[WhiteTeamCountry "AUT"]
[BlackTeamCountry "GER"]

1. e4 c5 2. Nf3 Nc6 3. Bb5 g6 4. Bxc6 dxc6 5. d3 Bg7 6. h3 h6 7. Nc3 e5 8. Be3 Qe7 9. a4 b6 10. Qe2 Nf6 11. Nd2 Nh7 12. a5 Rb8 13. axb6 axb6 14. 0-0 Nf8 15. f4 Ne6 16. f5 Nd4 17. Bxd4 exd4 18. Nd1 Bxf5 19. Qf3 Be6 20. b3 0-0 21. Nf2 h5 22. Ra6 Qb7 23. Raa1 Ra8 24. Nc4 b5 25. Nd6 Qe7 26. Nf5 gxf5 27. exf5 Bd5 28. Qxh5 Rxa1 29. Rxa1 Qe3 0-1

[Event "EU-chT Seniors 15th"]
[Site "Dresden"]
[Date "2013.07.25"]
[Round "6"]
[White "Glasewald, Stefan"]
[Black "Kwatschewsky, Leo"]
[Result "1/2-1/2"]
[WhiteElo "2075"]
[BlackElo "2205"]
[PlyCount "34"]
[EventDate "2013.07.20"]
[EventType "team-swiss"]
[EventRounds "9"]
[EventCountry "GER"]
[SourceTitle "CBM 155 Extra"]
[Source "ChessBase"]
[SourceDate "2013.08.26"]
[SourceVersion "1"]
[SourceVersionDate "2013.08.26"]
[SourceQuality "1"]
[WhiteTeam "Dresden Striesen"]
[BlackTeam "Austria"]
[WhiteTeamCountry "GER"]
[BlackTeamCountry "AUT"]

1. d4 d5 2. Nc3 Bf5 3. f3 e6 4. e4 Bg6 5. Bd3 Bb4 6. exd5 Qxd5 7. Nge2 Nc6 8. 0-0 Qd7 9. Bxg6 hxg6 10. d5 exd5 11. Qxd5 0-0-0 12. Qxd7+ Rxd7 13. Be3 Nf6 14. Rad1 Bd6 15. g3 a6 16. Kg2 Re7 17. Bg5 Rd7 1/2-1/2

[Event "Wch Seniors 21st"]
[Site "Rijeka"]
[Date "2011.11.17"]
[Round "3"]
[White "Pushkov, Nikolai"]
[Black "Kwatschewsky, Leo"]
[Result "1-0"]
[WhiteElo "2395"]
[BlackElo "2194"]
[PlyCount "93"]
[EventDate "2011.11.15"]
[EventType "swiss"]
[EventRounds "11"]
[EventCountry "CRO"]
[SourceTitle "CBM 145 Extra"]
[Source "ChessBase"]
[SourceDate "2012.01.03"]
[SourceVersion "1"]
[SourceVersionDate "2012.01.03"]
[SourceQuality "1"]

1. c4 c5 2. Nc3 Nc6 3. Nf3 e5 4. e3 Nf6 5. d4 cxd4 6. exd4 e4 7. Ne5 Bb4 8. a3 Bxc3+ 9. bxc3 Qa5 10. Nxc6 bxc6 11. Qc2 0-0 12. Be2 h6 13. 0-0 Ba6 14. Re1 d5 15. Bf4 Rfe8 16. c5 Bxe2 17. Rxe2 Qa6 18. a4 Re6 19. Re3 Rae8 20. Rb1 Nd7 21. g4 Rf6 22. Bg3 Rf3 23. Kg2 Rf6 24. c4 dxc4 25. Rxe4 Rxe4 26. Qxe4 Re6 27. Qc2 Nf6 28. Be5 Nd7 29. Rb4 Re8 30. Bg3 Nf6 31. Qxc4 Qc8 32. h3 Qd7 33. Qb3 Nd5 34. Rb7 Qe6 35. Qf3 Re7 36. Rb2 Re8 37. a5 a6 38. Bd6 Qd7 39. Qf5 Qd8 40. Rb7 Nf6 41. Rb6 Qa8 42. Qd3 Nd5 43. Rb3 Nf6 44. Qf5 Qd8 45. Rb8 Qxb8 46. Bxb8 Rxb8 47. Qe5 1-0

[Event "EU-chT Seniors 12th"]
[Site "Dresden"]
[Date "2010.02.17"]
[Round "8"]
[White "Laco, Giuseppe"]
[Black "Kwatschewsky, Leo"]
[Result "1-0"]
[WhiteElo "2080"]
[BlackElo "2233"]
[PlyCount "81"]
[EventDate "2010.02.10"]
[EventType "team-swiss"]
[EventRounds "9"]
[EventCountry "GER"]
[SourceTitle "CBM 134 Extra"]
[Source "ChessBase"]
[SourceDate "2010.03.03"]
[SourceVersion "1"]
[SourceVersionDate "2010.03.03"]
[SourceQuality "1"]
[WhiteTeam "Italy (Seniors)"]
[BlackTeam "Austria (Seniors)"]
[WhiteTeamCountry "ITA"]
[BlackTeamCountry "AUT"]

1. c4 e5 2. Nc3 Nf6 3. e4 Nc6 4. a3 Nd4 5. d3 c6 6. Nf3 Nxf3+ 7. Qxf3 Be7 8. Qg3 0-0 9. Be2 d6 10. f4 exf4 11. Bxf4 Nxe4 12. Qf3 Nf6 13. h3 d5 14. 0-0-0 Be6 15. g4 Qa5 16. Bd2 Qc7 17. Rhg1 Nd7 18. g5 Ne5 19. Qg3 Bd6 20. c5 Bxc5 21. d4 Bxd4 22. Bf4 Bxc3 23. bxc3 Qa5 24. Bxe5 Qxa3+ 25. Kd2 Rfe8 26. Ke1 Bf5 27. Bd6 Qb2 28. Rg2 Re6 29. Bf4 Rae8 30. Rd2 Qb6 31. Rf2 Qb1+ 32. Rd1 Qe4 33. h4 Bg6 34. Qg4 Qc4 35. Kf1 Rxe2 36. Rxe2 Bd3 37. Rxd3 Qxd3 38. Be5 Re6 39. Kf2 b5 40. h5 Kf8 41. Bd6+ 1-0

[Event "EU-chT Seniors 12th"]
[Site "Dresden"]
[Date "2010.02.16"]
[Round "7"]
[White "Kwatschewsky, Leo"]
[Black "Chernikov, Oleg L"]
[Result "0-1"]
[WhiteElo "2233"]
[BlackElo "2439"]
[PlyCount "126"]
[EventDate "2010.02.10"]
[EventType "team-swiss"]
[EventRounds "9"]
[EventCountry "GER"]
[SourceTitle "CBM 134 Extra"]
[Source "ChessBase"]
[SourceDate "2010.03.03"]
[SourceVersion "1"]
[SourceVersionDate "2010.03.03"]
[SourceQuality "1"]
[WhiteTeam "Austria (Seniors)"]
[BlackTeam "Russia (Seniors)"]
[WhiteTeamCountry "AUT"]
[BlackTeamCountry "RUS"]

1. d4 Nf6 2. Nf3 c6 3. c4 b5 4. cxb5 cxb5 5. a3 Bb7 6. Nc3 a6 7. g3 Bxf3 8. exf3 d5 9. Bg2 e6 10. 0-0 Be7 11. Re1 0-0 12. Qd3 Nc6 13. Bf4 Qb6 14. Red1 Na5 15. Rac1 Nc4 16. Rc2 Rac8 17. Bc1 Nd7 18. f4 g6 19. h4 Qd8 20. h5 Nf6 21. hxg6 hxg6 22. Bf3 Kg7 23. Kg2 Rh8 24. Nb1 Nd6 25. Rxc8 Qxc8 26. Bd2 Qc4 27. Bb4 Rc8 28. Qxc4 bxc4 29. Nc3 Nf5 30. Bxe7 Nxe7 31. Rd2 Nf5 32. Bd1 Nd6 33. Bc2 Rb8 34. Bd1 Nb5 35. Nxb5 axb5 36. Bf3 Ne8 37. Kf1 Nd6 38. Ke1 Kf6 39. Kd1 g5 40. fxg5+ Kxg5 41. Kc2 b4 42. axb4 Rxb4 43. Bg2 f5 44. Rd1 Rb8 45. Rh1 Nb5 46. Rh4 Kf6 47. Bf1 Nd6 48. Rh6+ Kf7 49. Bg2 Ne4 50. g4 Rg8 51. f3 Nf6 52. Bh3 fxg4 53. fxg4 Nxg4 54. Rh4 Nf6 55. b3 Rg3 56. bxc4 dxc4 57. Rh6 Re3 58. Bf1 Nd5 59. Rh3 Ke7 60. Kb2 c3+ 61. Kb3 Re4 62. Bg2 c2 63. Kb2 Re1 0-1

[Event "EU-chT Seniors 11th"]
[Site "Velden"]
[Date "2009.04.12"]
[Round "8"]
[White "Westerinen, Heikki MJ"]
[Black "Kwatschewsky, Leo"]
[Result "1-0"]
[WhiteElo "2344"]
[BlackElo "2238"]
[PlyCount "59"]
[EventDate "2009.04.05"]
[EventType "team-swiss"]
[EventRounds "9"]
[EventCountry "AUT"]
[SourceTitle "CBM 129 Extra"]
[Source "ChessBase"]
[SourceDate "2009.05.05"]
[SourceVersion "2"]
[SourceVersionDate "2009.05.20"]
[SourceQuality "1"]

1. e4 c5 2. Nf3 d6 3. d4 cxd4 4. Nxd4 Nf6 5. Nc3 Nc6 6. Bc4 Qb6 7. Nb3 e6 8. 0-0 Bd7 9. Kh1 Be7 10. f4 Rc8 11. Qe2 0-0 12. a3 a6 13. Bd3 Rfe8 14. e5 Nd5 15. Bd2 Qc7 16. Rae1 Nxc3 17. Bxc3 g6 18. Nd2 d5 19. b4 Bf8 20. Bb2 a5 21. b5 Ne7 22. Nf3 a4 23. g4 Bg7 24. Nd4 Qb6 25. Qg2 f6 26. f5 fxe5 27. f6 exd4 28. fxg7 e5 29. Rxe5 Kxg7 30. Qf2 1-0

[Event "EU-chT Seniors 11th"]
[Site "Velden"]
[Date "2009.04.11"]
[Round "7"]
[White "Kwatschewsky, Leo"]
[Black "Nagorni, Walter"]
[Result "1/2-1/2"]
[WhiteElo "2238"]
[BlackElo "2127"]
[PlyCount "40"]
[EventDate "2009.04.05"]
[EventType "team-swiss"]
[EventRounds "9"]
[EventCountry "AUT"]
[SourceTitle "CBM 129 Extra"]
[Source "ChessBase"]
[SourceDate "2009.05.05"]
[SourceVersion "2"]
[SourceVersionDate "2009.05.20"]
[SourceQuality "1"]

1. d4 Nf6 2. Nf3 c5 3. c3 g6 4. g3 Bg7 5. Bg2 0-0 6. 0-0 d6 7. Nbd2 cxd4 8. cxd4 d5 9. Ne5 b6 10. b3 Bb7 11. Bb2 Nbd7 12. Ndc4 Ne4 13. Nxd7 Qxd7 14. Ne5 Qd6 15. Qd3 Rac8 16. Rac1 f6 17. Nf3 Rxc1 18. Rxc1 Rc8 19. Qd1 Rxc1 20. Qxc1 Qc6 1/2-1/2

[Event "EU-chT Seniors 11th"]
[Site "Velden"]
[Date "2009.04.08"]
[Round "4"]
[White "Hoehm, Walter"]
[Black "Kwatschewsky, Leo"]
[Result "0-1"]
[WhiteElo "2035"]
[BlackElo "2238"]
[PlyCount "82"]
[EventDate "2009.04.05"]
[EventType "team-swiss"]
[EventRounds "9"]
[EventCountry "AUT"]
[SourceTitle "CBM 129 Extra"]
[Source "ChessBase"]
[SourceDate "2009.05.05"]
[SourceVersion "2"]
[SourceVersionDate "2009.05.20"]
[SourceQuality "1"]

1. e4 d6 2. d4 Nf6 3. Bd3 g6 4. f4 e5 5. c3 Bg7 6. Nf3 exd4 7. cxd4 0-0 8. 0-0 Nc6 9. Nc3 Bg4 10. Be3 Re8 11. h3 Bf5 12. exf5 Rxe3 13. Qd2 Re8 14. Rae1 Qd7 15. fxg6 fxg6 16. Bc4+ Kh8 17. Ng5 d5 18. Bb5 Rxe1 19. Rxe1 Re8 20. Nf3 Ne4 21. Nxe4 dxe4 22. Bxc6 Qxc6 23. Ne5 Qd5 24. Qe3 Rd8 25. b3 Kg8 26. Qxe4 Qxd4+ 27. Kh2 Qxe4 28. Rxe4 Rd5 29. Kg3 Bxe5 30. fxe5 Kf7 31. a4 Rd3+ 32. Kf4 Rxb3 33. Kg5 Rg3+ 34. Kh6 Rxg2 35. h4 Ke6 36. Kxh7 a5 37. Kg7 c6 38. Re1 Rg4 39. Rb1 Rb4 40. Ra1 Rxh4 41. Kxg6 Kxe5 0-1

[Event "AUT-chT2O 0708"]
[Site "Austria"]
[Date "2007.12.02"]
[Round "5.5"]
[White "Kwatschewsky, Leo"]
[Black "Herndlbauer, Martin"]
[Result "1-0"]
[WhiteElo "2216"]
[BlackElo "2134"]
[PlyCount "75"]
[EventDate "2007.10.20"]
[EventType "team"]
[EventRounds "11"]
[EventCountry "AUT"]
[SourceTitle "CBM 121 Extra"]
[Source "ChessBase"]
[SourceDate "2008.01.10"]
[SourceVersion "1"]
[SourceVersionDate "2008.01.10"]
[SourceQuality "1"]
[WhiteTeam "Wien Austria"]
[BlackTeam "Baden"]
[WhiteTeamCountry "AUT"]
[BlackTeamCountry "AUT"]

1. d4 d5 2. Nf3 Nf6 3. c4 c6 4. Nc3 dxc4 5. a4 Bf5 6. e3 e6 7. Bxc4 Bb4 8. 0-0 Nbd7 9. Qe2 Bg6 10. Ne5 Bh5 11. f3 Nxe5 12. dxe5 Nd7 13. g4 Bg6 14. f4 Qh4 15. e4 Bc5+ 16. Kg2 0-0-0 17. Bd2 Nxe5 18. fxe5 Rxd2 19. Qxd2 Qxg4+ 20. Kh1 Bxe4+ 21. Nxe4 Qxe4+ 22. Qg2 Qxc4 23. Rxf7 g5 24. Re1 Rd8 25. Qxg5 Qd5+ 26. Qg2 Qxg2+ 27. Kxg2 Rd2+ 28. Kg3 Rxb2 29. Re4 h5 30. Rc4 Bg1 31. Rh4 a5 32. Rxh5 Kb8 33. h4 c5 34. Rh8+ Ka7 35. Rc8 Bd4 36. Kg4 Rb4 37. Kg5 Bf2 38. Rxf2 1-0

[Event "Vienna-ch"]
[Site "Vienna"]
[Date "2005.10.30"]
[Round "9"]
[White "Lenz, Alarich"]
[Black "Kwatschewsky, Leo"]
[Result "1-0"]
[WhiteElo "2184"]
[BlackElo "2222"]
[PlyCount "109"]
[EventDate "2005.10.22"]
[EventType "swiss"]
[EventRounds "9"]
[EventCountry "AUT"]
[SourceTitle "EXT 2007"]
[Source "ChessBase"]
[SourceDate "2006.11.23"]
[SourceVersion "1"]
[SourceVersionDate "2006.11.23"]
[SourceQuality "1"]

1. c4 c5 2. Nf3 Nc6 3. d4 cxd4 4. Nxd4 Nf6 5. g3 g6 6. Bg2 Bg7 7. Nc3 0-0 8. 0-0 d6 9. Nxc6 bxc6 10. Bxc6 Rb8 11. Qa4 Bb7 12. Bxb7 Rxb7 13. Rb1 Qc8 14. Bd2 Qh3 15. f3 Rc8 16. b3 Bh6 17. Rbd1 Bxd2 18. Rxd2 Qe6 19. e4 Nd7 20. Nd5 Nc5 21. Qa3 f6 22. Qb2 Rcb8 23. Qd4 a5 24. Re1 Qe5 25. Qe3 Qe6 26. Rb1 Kg7 27. Nf4 Qf7 28. Nd5 Qe6 29. Kg2 Kg8 30. Re1 Rf8 31. Qc3 Ra8 32. Qe3 Rf8 33. Ree2 Rfb8 34. f4 Rc8 35. h3 Nd7 36. Nc3 Nc5 37. Nb5 f5 38. exf5 Qxf5 39. Rd5 Qf6 40. Qf3 Rbb8 41. Rdd2 Rb7 42. Nc3 Qf7 43. Rd5 Rbb8 44. Rdd2 Rb7 45. Nb5 Qf6 46. Qd5+ Qf7 47. Qd4 Qg7 48. Qe3 Qf7 49. Kh2 Rcb8 50. Nd4 a4 51. Nc6 axb3 52. Nxb8 Rxb8 53. axb3 Rxb3 54. Qxe7 Nb7 55. Ra2 1-0

[Event "Vienna-ch"]
[Site "Vienna"]
[Date "2005.10.23"]
[Round "2"]
[White "Kwatschewsky, Leo"]
[Black "Weissel, Georg"]
[Result "1/2-1/2"]
[WhiteElo "2222"]
[BlackElo "2158"]
[PlyCount "27"]
[EventDate "2005.10.22"]
[EventType "swiss"]
[EventRounds "9"]
[EventCountry "AUT"]
[SourceTitle "EXT 2007"]
[Source "ChessBase"]
[SourceDate "2006.11.23"]
[SourceVersion "1"]
[SourceVersionDate "2006.11.23"]
[SourceQuality "1"]

1. c4 e5 2. Nc3 Nc6 3. g3 g6 4. Bg2 Bg7 5. Rb1 a5 6. Nf3 d6 7. d3 f5 8. 0-0 Nf6 9. Nd5 Nxd5 10. cxd5 Ne7 11. Nd2 0-0 12. f4 Kh8 13. fxe5 dxe5 14. e4 1/2-1/2

[Event "Vienna-ch"]
[Site "Vienna"]
[Date "2004.10.31"]
[Round "7"]
[White "Kwatschewsky, Leo"]
[Black "Lenz, Alarich"]
[Result "1/2-1/2"]
[WhiteElo "2234"]
[BlackElo "2186"]
[PlyCount "35"]
[EventDate "2004.??.??"]
[EventType "swiss"]
[EventRounds "7"]
[EventCountry "AUT"]
[SourceTitle "EXT 2005"]
[Source "ChessBase"]
[SourceDate "2004.11.15"]
[SourceVersion "1"]
[SourceVersionDate "2004.11.15"]
[SourceQuality "1"]

1. d4 Nf6 2. c4 e6 3. Nf3 b6 4. g3 Ba6 5. Nbd2 c5 6. Bg2 Bb7 7. 0-0 cxd4 8. Nb3 Be7 9. Nbxd4 a6 10. b3 0-0 11. Bb2 d6 12. h3 Qc7 13. Rc1 Nbd7 14. e3 Rac8 15. Nd2 Bxg2 16. Kxg2 Nc5 17. Qe2 Qb7+ 18. f3 1/2-1/2

[Event "AUT-ch"]
[Site "Hartberg"]
[Date "2004.07.30"]
[Round "7"]
[White "Poeltl, Thomas"]
[Black "Kwatschewsky, Leo"]
[Result "1/2-1/2"]
[WhiteElo "2217"]
[BlackElo "2255"]
[PlyCount "69"]
[EventDate "2004.07.24"]
[EventType "swiss"]
[EventRounds "9"]
[EventCountry "AUT"]
[SourceTitle "CBM 101 Extra"]
[Source "ChessBase"]
[SourceDate "2004.09.01"]
[SourceVersion "2"]
[SourceVersionDate "2004.09.01"]
[SourceQuality "1"]

1. d4 Nf6 2. g3 g6 3. Bg2 d5 4. Nf3 Bg7 5. 0-0 0-0 6. c3 c6 7. Nbd2 Nbd7 8. Re1 e5 9. dxe5 Ng4 10. e4 Ndxe5 11. Qe2 Nxf3+ 12. Nxf3 dxe4 13. Qxe4 Bf5 14. Qb4 Qb6 15. Qxb6 axb6 16. h3 Nf6 17. Nd4 Bd7 18. Bf4 Rfe8 19. a3 c5 20. Nc2 Bc6 21. Ne3 b5 22. Rad1 c4 23. Ng4 Ne4 24. Bxe4 Bxe4 25. Nh6+ Bxh6 26. Bxh6 Bd3 27. f3 Be2 28. Rd5 Bxf3 29. Rxe8+ Rxe8 30. Rd7 Bc6 31. Rc7 Rd8 32. Kf2 Re8 33. h4 Re6 34. Rc8+ Re8 35. Rc7 1/2-1/2

[Event "AUT-ch"]
[Site "Hartberg"]
[Date "2004.07.27"]
[Round "4"]
[White "Wittmann, Walter"]
[Black "Kwatschewsky, Leo"]
[Result "1/2-1/2"]
[WhiteElo "2337"]
[BlackElo "2255"]
[PlyCount "32"]
[EventDate "2004.07.24"]
[EventType "swiss"]
[EventRounds "9"]
[EventCountry "AUT"]
[SourceTitle "CBM 101 Extra"]
[Source "ChessBase"]
[SourceDate "2004.09.01"]
[SourceVersion "2"]
[SourceVersionDate "2004.09.01"]
[SourceQuality "1"]

1. e4 c5 2. Nf3 Nc6 3. d4 cxd4 4. Nxd4 Nf6 5. Nc3 d6 6. Bc4 Qb6 7. Nxc6 bxc6 8. 0-0 e6 9. Qe2 Be7 10. e5 dxe5 11. Qxe5 0-0 12. Na4 Qb4 13. b3 Nd5 14. Qe1 Qxe1 15. Rxe1 Nb6 16. Nxb6 axb6 1/2-1/2

[Event "AUT-ch"]
[Site "Oberpullendorf"]
[Date "2002.08.15"]
[Round "6"]
[White "Kwatschewsky, Leo"]
[Black "Brandner, Stefan"]
[Result "1/2-1/2"]
[WhiteElo "2273"]
[BlackElo "2322"]
[PlyCount "60"]
[EventDate "2002.08.10"]
[EventType "swiss"]
[EventRounds "9"]
[EventCountry "AUT"]
[SourceTitle "CBM 089 Extra"]
[Source "ChessBase"]
[SourceDate "2002.09.10"]
[SourceVersion "2"]
[SourceVersionDate "2002.09.10"]
[SourceQuality "1"]

1. c4 e5 2. Nc3 Nf6 3. Nf3 Nc6 4. d4 exd4 5. Nxd4 Bb4 6. g3 0-0 7. Bg2 Ne5 8. Qb3 c5 9. Nf3 Nxf3+ 10. Bxf3 d5 11. cxd5 Bh3 12. Bg5 h6 13. Bxf6 Qxf6 14. 0-0-0 a5 15. a4 c4 16. Qc2 Bf5 17. Qd2 b5 18. Qd4 Bxc3 19. bxc3 Qd6 20. e4 Bh7 21. axb5 Rab8 22. Kd2 Rfe8 23. Rb1 f5 24. e5 Rxe5 25. Rhe1 Rxe1 26. Rxe1 f4 27. Qxf4 Qb6 28. Qxc4 Qxf2+ 29. Qe2 Qc5 30. Be4 Bxe4 1/2-1/2

[Event "AUT-ch"]
[Site "Oberpullendorf"]
[Date "2002.08.13"]
[Round "4"]
[White "Kwatschewsky, Leo"]
[Black "Weiss, Christian"]
[Result "1/2-1/2"]
[WhiteElo "2273"]
[BlackElo "2421"]
[PlyCount "102"]
[EventDate "2002.08.10"]
[EventType "swiss"]
[EventRounds "9"]
[EventCountry "AUT"]
[SourceTitle "CBM 089 Extra"]
[Source "ChessBase"]
[SourceDate "2002.09.10"]
[SourceVersion "2"]
[SourceVersionDate "2002.09.10"]
[SourceQuality "1"]

1. c4 Nf6 2. Nc3 g6 3. g3 Bg7 4. Bg2 0-0 5. Nf3 d6 6. 0-0 e5 7. d3 Nc6 8. e4 Nd7 9. Rb1 Nc5 10. b4 Ne6 11. b5 Ne7 12. Nd5 Nxd5 13. cxd5 Nc5 14. Be3 a6 15. Bxc5 dxc5 16. bxa6 Rxa6 17. Qc2 b6 18. Nd2 Bd7 19. Rb2 Qa8 20. Rfb1 Qa7 21. Bf1 Ra4 22. d6 cxd6 23. Rxb6 Rxa2 24. Qc3 Be6 25. Rxd6 Rb8 26. Rxb8+ Qxb8 27. Nc4 Qc7 28. Rb6 h5 29. Rb2 Ra8 30. Rb1 Kh7 31. Ra1 Rb8 32. Rc1 h4 33. Qa3 Qe7 34. Ra1 Rb4 35. Re1 Qd8 36. Qa1 Qf6 37. Qd1 Bd7 38. Bg2 Bb5 39. Qe2 Bh6 40. Qc2 Ba4 41. Qc3 Bg7 42. Ne3 Qd6 43. Nd5 Rb8 44. Rc1 Bd7 45. Qc2 Be6 46. Rb1 Ra8 47. gxh4 Rc8 48. Qe2 Qd8 49. h5 g5 50. Ne3 Rb8 51. Rxb8 Qxb8 1/2-1/2

[Event "AUT-ch"]
[Site "Oberpullendorf"]
[Date "2002.08.12"]
[Round "3"]
[White "Alvir, Aco"]
[Black "Kwatschewsky, Leo"]
[Result "1/2-1/2"]
[WhiteElo "2383"]
[BlackElo "2273"]
[PlyCount "40"]
[EventDate "2002.08.10"]
[EventType "swiss"]
[EventRounds "9"]
[EventCountry "AUT"]
[SourceTitle "CBM 089 Extra"]
[Source "ChessBase"]
[SourceDate "2002.09.10"]
[SourceVersion "2"]
[SourceVersionDate "2002.09.10"]
[SourceQuality "1"]

1. c4 Nf6 2. Nf3 c6 3. b3 d5 4. Bb2 Bg4 5. e3 Nbd7 6. Be2 e6 7. 0-0 Bd6 8. d3 Qc7 9. Nbd2 0-0 10. Rc1 Ne5 11. c5 Nxf3+ 12. gxf3 Bxh2+ 13. Kh1 Bh3 14. f4 Bxf1 15. Qxf1 Bxf4 16. Qg2 Ne8 17. exf4 Qxf4 18. Nf3 f6 19. Rg1 Qh6+ 20. Nh2 e5 1/2-1/2

[Event "Oberwart op"]
[Site "Oberwart"]
[Date "2002.07.07"]
[Round "3"]
[White "Kwatschewsky, Leo"]
[Black "Kupreichik, Viktor D"]
[Result "1/2-1/2"]
[WhiteElo "2273"]
[BlackElo "2466"]
[PlyCount "81"]
[EventDate "2002.07.05"]
[EventType "swiss"]
[EventRounds "9"]
[EventCountry "AUT"]
[SourceTitle "CBM 089 Extra"]
[Source "ChessBase"]
[SourceDate "2002.09.10"]
[SourceVersion "2"]
[SourceVersionDate "2002.09.10"]
[SourceQuality "1"]

1. c4 e6 2. Nc3 d5 3. e3 Nf6 4. Nf3 c5 5. d4 Nc6 6. a3 dxc4 7. Bxc4 a6 8. dxc5 Qxd1+ 9. Kxd1 Bxc5 10. b4 Bd6 11. Bb2 Bd7 12. Bd3 Ne5 13. Nxe5 Bxe5 14. f4 Bc7 15. Ke2 Bc6 16. Rhg1 Bb6 17. h3 0-0 18. g4 Rfd8 19. g5 Nd5 20. Nxd5 Bxd5 21. Rgd1 Bb3 22. Rd2 Ba4 23. Rc1 Rd7 24. Bd4 Bxd4 25. exd4 h6 26. h4 g6 27. Ke3 Kg7 28. Be4 hxg5 29. hxg5 Rh8 30. Rh1 Rxh1 31. Bxh1 Bb3 32. Be4 Rc7 33. d5 exd5 34. Bxd5 Bxd5 35. Rxd5 Kf8 36. Kd4 Ke7 37. Rc5 Rd7+ 38. Rd5 Rd6 39. a4 Rc6 40. Rc5 Rd6+ 41. Rd5 1/2-1/2

[Event "AUT-chT qual"]
[Site "Linz"]
[Date "2000.04.01"]
[Round "2"]
[White "Hangweyrer, Manfred"]
[Black "Kwatschewsky, Leo"]
[Result "1/2-1/2"]
[WhiteElo "2363"]
[BlackElo "2298"]
[PlyCount "31"]
[EventDate "2000.03.31"]
[EventType "team"]
[EventRounds "3"]
[EventCountry "AUT"]
[SourceTitle "EXT 2001"]
[Source "ChessBase"]
[SourceDate "2000.11.22"]
[SourceVersion "1"]
[SourceVersionDate "2000.11.22"]
[SourceQuality "1"]

1. e4 e5 2. Bc4 Nf6 3. d3 c6 4. Nf3 d5 5. Bb3 Bd6 6. Nc3 dxe4 7. dxe4 0-0 8. Bg5 Qe7 9. Qe2 Na6 10. 0-0-0 Nc5 11. Nh4 Nxb3+ 12. axb3 h6 13. Bd2 Bb4 14. h3 Re8 15. Nf3 a5 16. Nb1 1/2-1/2

[Event "AUT-chT2S 9900"]
[Site "Austria"]
[Date "2000.02.27"]
[Round "8.6"]
[White "Wegerer, Fred"]
[Black "Kwatschewsky, Leo"]
[Result "1/2-1/2"]
[WhiteElo "2196"]
[BlackElo "2307"]
[PlyCount "28"]
[EventDate "1999.10.??"]
[EventType "team"]
[EventRounds "11"]
[EventCountry "AUT"]
[SourceTitle "EXT 2002"]
[Source "ChessBase"]
[SourceDate "2001.11.25"]
[SourceVersion "1"]
[SourceVersionDate "2001.11.25"]
[SourceQuality "1"]

1. Nf3 d5 2. d4 Nf6 3. e3 Nbd7 4. Nbd2 e6 5. Bd3 c5 6. c3 Bd6 7. 0-0 0-0 8. Re1 Qc7 9. e4 e5 10. exd5 exd4 11. cxd4 cxd4 12. Ne4 Nxd5 13. Nxd6 Qxd6 14. Nxd4 N7f6 1/2-1/2

[Event "AUT-chT2S 9900"]
[Site "Austria"]
[Date "1999.11.21"]
[Round "4.5"]
[White "Waldmann, Gerald"]
[Black "Kwatschewsky, Leo"]
[Result "1/2-1/2"]
[WhiteElo "2155"]
[BlackElo "2307"]
[PlyCount "45"]
[EventDate "1999.10.??"]
[EventType "team"]
[EventRounds "11"]
[EventCountry "AUT"]
[SourceTitle "EXT 2002"]
[Source "ChessBase"]
[SourceDate "2001.11.25"]
[SourceVersion "1"]
[SourceVersionDate "2001.11.25"]
[SourceQuality "1"]

1. e4 c5 2. Nf3 d6 3. d4 cxd4 4. Qxd4 Nc6 5. Bb5 Bd7 6. Bxc6 Bxc6 7. Nc3 Nf6 8. Bg5 e6 9. 0-0-0 Be7 10. Rhe1 Qc7 11. Qd2 Rd8 12. Nd4 0-0 13. f3 Rc8 14. Kb1 Rfd8 15. g4 a6 16. h4 b5 17. Nce2 e5 18. Nxc6 Qxc6 19. Bxf6 Bxf6 20. g5 Be7 21. Nc3 Re8 22. Nd5 Bd8 23. h5 1/2-1/2